Music Quiz

Random Music Quiz

Rappers Who Went To Jail Quiz Stats

Quiz not verified by Sporcle

Challenge
Share
Tweet
Embed
Score 0/15 Timer 05:00
0 Plays Today
Year Rapper % Correct
2008T.I.
77.1%
2010Lil Wayne
74%
1995Tupac
69.8%
199450 Cent
50%
2001, 2008, 2010DMX
28.1%
2005Lil Kim
27.1%
2009Gucci Mane
18.8%
2008The Game
16.7%
Year Rapper % Correct
2010Lil Boosie
12.5%
2007Foxy Brown
10.4%
2004Mystikal
9.4%
2001Shyne
7.3%
1998Maino
5.2%
2003Tony Yayo
3.1%
2007Prodigy
3.1%

You're not logged in!

Compare scores with friends on all Sporcle quizzes.
Sign Up with Email
OR
Log In

You Might Also Like...

Show Comments

Extras

Top Quizzes Today


Score Distribution

Your Account Isn't Verified!

In order to create a playlist on Sporcle, you need to verify the email address you used during registration. Go to your Sporcle Settings to finish the process.

Report this User

Report this user for behavior that violates our Community Guidelines.

Details: